Notas sobre derecho y lenguaje / (Record no. 107539)

MARC details
000 -LEADER
fixed length control field 00575nam a22001817a 4500
005 - DATE AND TIME OF LATEST TRANSACTION
control field 20151105155739.0
008 - FIXED-LENGTH DATA ELEMENTS--GENERAL INFORMATION
fixed length control field 151105b ag||||| |||| 00| 0 spa d
020 ## - INTERNATIONAL STANDARD BOOK NUMBER
International Standard Book Number 9502017307
050 04 - LIBRARY OF CONGRESS CALL NUMBER
Classification number K 294
Item number C37 2006
100 1# - MAIN ENTRY--PERSONAL NAME
Personal name Carrió, Genaro R.
245 10 - TITLE STATEMENT
Title Notas sobre derecho y lenguaje /
Statement of responsibility, etc Genaro R. Carrió,
250 ## - EDITION STATEMENT
Edition statement Quinta edición: 2006
260 ## - PUBLICATION, DISTRIBUTION, ETC. (IMPRINT)
Place of publication, distribution, etc Buenos Aires, Argentina :
Name of publisher, distributor, etc Abeledo-Perrot,
Date of publication, distribution, etc 2006.
300 ## - PHYSICAL DESCRIPTION
Extent 416 paginas,
Dimensions 23 X 16 centímetros,
504 ## - BIBLIOGRAPHY, ETC. NOTE
Bibliography, etc Incluye: Indices
650 #7 - SUBJECT ADDED ENTRY--TOPICAL TERM
Source of heading or term Lemb
Topical term or geographic name as entry element Filosofía
General subdivision Teoría del Derecho
942 ## - ADDED ENTRY ELEMENTS (KOHA)
Source of classification or shelving scheme Biblioteca del Cogreso de los Estados Unidos
Koha item type Libro
Holdings
Estado de pérdida Fuente de clasificación Estado del daño No para préstamo Ubicación permanente Ubicación actual Apartado o colección Fecha de adquisición Área del conocimiento Clasificación Código de Barras Date last seen Número de copia Tipo de recurso
  Biblioteca del Cogreso de los Estados Unidos     Biblioteca de la Facultad de Filosofía Biblioteca de la Facultad de Filosofía General 05/11/2015 Educación y Humanidades K 294 C37 2006 BFF000013937 05/11/2015 C: 1 Libro